000 00434nam a2200169 i 4500
001 bg
100 1 _aMIROŃCZUK, Albin.
245 1 0 _aPodstawy prawne BHP /
_cAlbin Mirończuk.
250 _aWyd. 4 popr.
260 _aWarszawa,
_c1976.
650 9 _aBezpieczeństwo i higiena pracy
_xprawo
_zPolska
650 9 _abhp
_xprawo
_zPolska
040 _cBPK
041 _apol
942 _cKS
008 s pl f |000 0 pol
999 _c27374
_d27374
856 _uhttp://koha.tu.koszalin.pl/cgi-bin/koha/opac-detail.pl?biblionumber=27374
_yKatalog online BPK